000 02242nam0a2200313 4500
001 RU\NLR\BIBL_A\022687116
005 20260210121016.0
010 _a978-5-7307-2364-1
_9100
021 _aRU
_bКН-П-25-065801
_9КН-П-25-6367
035 _a(NLR Aleph) 022687116
090 _a13552582
_c13552582
100 _a20251212d2025 u y0rusy50 ca
101 0 _arus
102 _aRU
105 _aa j 000zy
181 0 _ai3
_baxxe
182 0 _an
200 1 _aАнализ трансрегиональных инициатив в контексте развития региональных и межрегиональных экономических связей
_eконспект лекций
_eдля студентов, обучающихся по направлению подготовки 38.03.01 "Экономика", профили подготовки "Международные экономические отношения", "Мировая экономика", уровень высшего образования - бакалавриат
_fД. А. Потапов
_gМинистерство науки и высшего образования Российской Федерации, Федеральное государственное бюджетное образовательное учреждение высшего образования "Российский экономический университет имени Г. В. Плеханова" (ФГБОУ ВО "РЭУ им. Г. В. Плеханова")
203 _aТекст
_bвизуальный
_cнепосредственный
210 _aМосква
_cФГБОУ ВО "РЭУ им. Г. В. Плеханова"
_d2025
215 _a54 с.
_cцв. ил.
_d21
320 _aБиблиогр.: с. 50-54
606 1 _aМеждународные экономические отношения
_jУчебные издания для высших учебных заведений
_2nlr_sh1
_2nlr_sh2
_3RU\NLR\AUTH\661351357
686 1 _aУ58я73
700 1 _aПотапов
_bД. А.
_gДаниил Андреевич
942 _cBOOK
980 _aNB